LIBRARY & INFORMATION CENTRE, KCAET, TAVANUR

ONLINE PUBLIC ACCESS CATALOGUE (OPAC)

Text book of Vegetables tubercrops and spices / (Record no. 1407)

MARC details
000 -LEADER
fixed length control field 00553cam a2200205ua 4500
041 ## - LANGUAGE CODE
Language code of text/sound track or separate title eng
082 ## - DEWEY DECIMAL CLASSIFICATION NUMBER
Classification number 635.1
Item number THA/TE
100 ## - MAIN ENTRY--AUTHOR NAME
Personal name Thamburaj, S .
245 ## - TITLE STATEMENT
Title Text book of Vegetables tubercrops and spices /
250 ## - EDITION STATEMENT
Edition statement 1 /
260 ## - PUBLICATION, DISTRIBUTION, ETC. (IMPRINT)
Place of publication New Delhi :
Name of publisher Indian Council for Agricultural Research ,
Year of publication 2001.
300 ## - PHYSICAL DESCRIPTION
Number of Pages 469 ; .
700 1# - ADDED ENTRY--PERSONAL NAME
Personal name Narendra, Singh .
942 ## - ADDED ENTRY ELEMENTS (KOHA)
Koha item type Books
Holdings
Withdrawn status Lost status Damaged status Home library Current library Date acquired Full call number Accession Number Koha item type
      KAUAET KAUAET 07/04/2012 635.1 20495 Books
free website counter